000 03947nam a22004337a 4500
005 2012020709229.0
010 _aB-470891-910
020 _a9788184994247
_c99.00
035 _aB-470891-910
037 _adpl
_bBlue Berry/Ven
082 _aS
245 _aTales from shakespear romeo and juliet & other stories /
260 _aMumbai
_bShree Book Centre
_c2011
270 _a8,Kakad Industrial Estate,S.Keer marg Off L.J.Road,Matunga(W),
_bMumbai
_e400016
300 _a141p.
_c19cm(pbk)
_bill
490 _aShree Young Classics
_952765
942 _2ddc
_cEN
_mTAL
_hS
999 _c62146
_d62146